000 00237nam a2200109Ia 4500
008 170627s9999 xx 000 0 und d
100 _aMANNING CIERALD.L
245 0 _aSELLING TODAY
260 _bPERSON
260 _c2002
546 _aENGLISH
690 _aMARKETING
999 _c35457
_d35457